000 00350nam a2200145Ia 4500
100 _aArora.B.D./ Chand/ K.
650 _aElectrical Engineering
942 _cBK
654 _aGeneral & electrical drawing
245 _aGeneral & Electrical Drawing
260 _bNew Heights
_aNew Delhi
_c1992
300 _a220
546 _aHINDI
999 _c35703
_d35703